000 00543nam a2200217Ia 4500
003 OSt
005 20220924133821.0
006 a|||||r|||| 00| 0
007 ta
008 220923b |||||||| |||| 00| 0 snd d
024 _a269131
037 _cTextual
040 _aARTS
_cARTS
_bsnd
041 _2snd
_asnd
082 _aO1593,3x, L5
100 _aHeeranundani
_9207460
245 0 _aKali Gulab ji
_b Sagar sharab jo
260 _c1975
942 _hO1593,3x, L5
_cTEXL
_2CC
999 _c435392
_d435392